000
00187 a2200097 4500
020
_a
9780935526721
041
_a
eng
100
_a
Kent, Alexander
245
_a
Colours aloft!
942
_c
BK
999
_c
29939
_d
29937